000 01505nam0a2200349 4500
001 RU\NLR\bibl\876956
005 20260409070137.0
010 _a5-9533-0954-6
_910000
021 _aRU
_b2005-68446
_93375
035 _a(NLR Aleph) 000865546
090 _a1566883
_c1566883
100 _a20051123d2005 |||y0rusy50 ca
101 0 _arus
102 _aRU
105 _aa |||||||||
200 1 _aБольшая книга бильярда и боулинга
_eиз истории игр, спортивный инвентарь, особенности и техника игр, обучение и тренировка, маленькие хитрости
_fЕ.Е. Трибис, Л.А. Бурлуцкая, И.Е. Землянская
210 _aМосква
_cВече
_d2005
215 _a392 с., [8] л. цв. ил.
_cил.
_d27
300 _aНа обл. авт. не указаны
606 _aБильярд
_3RU\NLR\auth\66150326
_91167532
606 _aБоулинг
_3RU\NLR\auth\661335484
_92224471
686 1 _aЧ515.9
686 1 _aЧ711.259бильярд
700 1 _4070
_8rus
_7ca
_aТрибис
_bЕ. Е.
_gЕлена Евгеньевна
_3RU\NLR\auth\7750300
_933235
701 1 _aБурлуцкая
_bЛ. А.
_gЛариса Александровна
_4070
701 1 _aЗемлянская
_bИ. Е.
_gИнна Евгеньевна
_4070
801 0 _aRU
_bNLR
_c20051123
_grcr
801 1 _aRU
_bNLR
_c20051123
942 _cBOOK
980 _aNB